<?xml version="1.0" encoding="UTF-8"?>
<record
    xmlns:xsi="http://www.w3.org/2001/XMLSchema-instance"
    xsi:schemaLocation="http://www.loc.gov/MARC21/slim http://www.loc.gov/standards/marcxml/schema/MARC21slim.xsd"
    xmlns="http://www.loc.gov/MARC21/slim">

  <leader>00729nam a22001697a 4500</leader>
  <controlfield tag="005">20260313164016.0</controlfield>
  <datafield tag="010" ind1=" " ind2=" ">
    <subfield code="a">BACHN26</subfield>
  </datafield>
  <datafield tag="020" ind1=" " ind2=" ">
    <subfield code="a">9789380823362</subfield>
    <subfield code="c">400.00</subfield>
  </datafield>
  <datafield tag="037" ind1=" " ind2=" ">
    <subfield code="b">&#x92A;&#x94D;&#x930;&#x924;&#x93F;&#x92D;&#x93E; &#x92A;&#x94D;&#x930;&#x924;&#x93F;&#x937;&#x94D;&#x920;&#x93E;&#x928; </subfield>
  </datafield>
  <datafield tag="082" ind1=" " ind2=" ">
    <subfield code="2">1</subfield>
    <subfield code="a">&#x915;</subfield>
  </datafield>
  <datafield tag="100" ind1=" " ind2=" ">
    <subfield code="a">&#x91F;&#x948;&#x917;&#x94B;&#x930;, &#x930;&#x935;&#x940;&#x928;&#x94D;&#x926;&#x94D;&#x930;&#x928;&#x93E;&#x925;</subfield>
    <subfield code="9">88534</subfield>
  </datafield>
  <datafield tag="245" ind1=" " ind2=" ">
    <subfield code="a">&#x930;&#x935;&#x940;&#x928;&#x94D;&#x926;&#x94D;&#x930;&#x928;&#x93E;&#x925; &#x91F;&#x948;&#x917;&#x94B;&#x930; &#x915;&#x940; &#x932;&#x94B;&#x915;&#x92A;&#x94D;&#x930;&#x93F;&#x92F; &#x915;&#x939;&#x93E;&#x928;&#x93F;&#x92F;&#x93E;&#x901;/</subfield>
    <subfield code="b">&#x930;&#x935;&#x940;&#x928;&#x94D;&#x926;&#x94D;&#x930;&#x928;&#x93E;&#x925;  &#x91F;&#x948;&#x917;&#x94B;&#x930;</subfield>
  </datafield>
  <datafield tag="250" ind1=" " ind2=" ">
    <subfield code="a">1</subfield>
  </datafield>
  <datafield tag="260" ind1=" " ind2=" ">
    <subfield code="b">&#x92A;&#x94D;&#x930;&#x924;&#x93F;&#x92D;&#x93E; &#x92A;&#x94D;&#x930;&#x924;&#x93F;&#x937;&#x94D;&#x920;&#x93E;&#x928; </subfield>
    <subfield code="c">2025</subfield>
    <subfield code="a">&#x928;&#x908; &#x926;&#x93F;&#x932;&#x94D;&#x932;&#x940;</subfield>
  </datafield>
  <datafield tag="300" ind1=" " ind2=" ">
    <subfield code="a">160&#x92A;&#x943;.</subfield>
    <subfield code="c">22&#x938;&#x947;&#x92E;&#x940;(&#x938;&#x93E;&#x91C;&#x93F;&#x932;&#x94D;&#x926;)</subfield>
  </datafield>
  <datafield tag="942" ind1=" " ind2=" ">
    <subfield code="2">ddc</subfield>
    <subfield code="c">HN</subfield>
    <subfield code="m">&#x91F;&#x948;&#x917;&#x94B;&#x930;</subfield>
    <subfield code="h">&#x915;</subfield>
  </datafield>
  <datafield tag="999" ind1=" " ind2=" ">
    <subfield code="c">215546</subfield>
    <subfield code="d">215546</subfield>
  </datafield>
</record>
